AH International Schools' Libraries

Haikyu!! : 7 / (Record no. 50194)

MARC details
000 -LEADER
fixed length control field 01163nam a2200157 4500
020 ## - INTERNATIONAL STANDARD BOOK NUMBER
International Standard Book Number 9781421590622
100 ## - MAIN ENTRY--PERSONAL NAME
Personal name Haruichi, Furudate,
Relator term author.
9 (RLIN) 86561
245 ## - TITLE STATEMENT
Title Haikyu!! : 7 /
Remainder of title Shonen jump manga edition.
Statement of responsibility, etc Story and Art by Haruchi Furudate.
260 ## - PUBLICATION, DISTRIBUTION, ETC. (IMPRINT)
Place of publication, distribution, etc San Francisco:
Name of publisher, distributor, etc VIZ Media,
Date of publication, distribution, etc 2025.
300 ## - PHYSICAL DESCRIPTION
Extent 192 pages.
490 ## - SERIES STATEMENT
Series statement Haikyu :
Volume number/sequential designation 7
500 ## - GENERAL NOTE
General note Ever since he saw the legendary player known as “the Little Giant” compete at the national volleyball finals, Shoyo Hinata has been aiming to be the best volleyball player ever! Who says you need to be tall to play volleyball when you can jump higher than anyone else?<br/><br/>The Inter-High match between Karasuno and Aoba Johsai continues. Star setter Tohru Oikawa has figured out the secret behind Kageyama and Hinata’s quick sets and has them on the ropes! When Kageyama loses his cool, he ends up getting benched and is subbed out by none other than third year Koushi Sugawara! Will Karasuno’s new approach be enough for them to seize control of the game and win?
650 ## - SUBJECT ADDED ENTRY--TOPICAL TERM
9 (RLIN) 79779
Topical term or geographic name as entry element JUVENILE FICTION / Sports & Recreation / Basketball.
650 ## - SUBJECT ADDED ENTRY--TOPICAL TERM
9 (RLIN) 52871
Topical term or geographic name as entry element Friendship.
942 ## - ADDED ENTRY ELEMENTS (KOHA)
Source of classification or shelving scheme
Koha item type Book
Holdings
Withdrawn status Lost status Source of classification or shelving scheme Damaged status Not for loan Home library Current library Date acquired Total Checkouts Full call number Barcode Checked out Date last seen Date checked out Price effective from Koha item type
          Logos International School Logos International School 02/23/2026 2 GREAPHIX HAR JAP 040857 04/24/2026 04/06/2026 04/06/2026 02/23/2026 Book

For any Logos Library related questions please contact Miss Art at swongnarasuk@asianhope.org.

For any Asian Hope Library related questions please contact Miss Raza at graza@asianhope.org.

Powered by Koha